| 000 | 01246nam0a22002651 4500 | ||
|---|---|---|---|
| 001 | rc\2967908 | ||
| 005 | 20250530000646.0 | ||
| 035 | _a(NLR Aleph) 007114239 | ||
| 090 |
_a6799402 _c6799402 |
||
| 100 | _a20110906d1937 |||y0rusy50 ca | ||
| 101 | 0 | _arus | |
| 102 | _aRU | ||
| 105 | _aa z ||||| | ||
| 200 | 1 |
_aОпределение расстояния между собирателями по заданному времени сброса поверхностных вод _fБ.Г. Гейтман |
|
| 210 |
_aЛенинград _cБ. и. _d1937 _g2-я тип. изд-ва Леноблисполкома и Ленсовета |
||
| 215 |
_aС. 21-35 _cчерт., граф. _d25 см |
||
| 300 | _aОтд. отт. из: Материалы по поднятию производительности с.-х. земель посредством мелиорации. Вып. 2. Гидротехнический сборник | ||
| 320 | _aБиблиогр.: с. 35 | ||
| 700 | 1 |
_aГейтман _bБ. Г. _cканд. с.-х. наук _f1897- _gБорис Генрихович _9226559 _3RU\NLR\AUTH\770226615 |
|
| 801 | 0 |
_aRU _bNLR _gpsbo |
|
| 801 | 1 |
_aRU _bELAR _2rusmarc |
|
| 852 |
_aNLR _j37-12/1226 |
||
| 942 | _cBOOK | ||
| 980 | _aNB | ||